000 00591cam a22002411 4500
001 sa 63004548
003 DLC
005 20260227111949.0
008 950531s1962 ii 000 0 urdo
010 _asa 63004548
035 _a(OCoLC)32578649
040 _aDLC
_cCU
_dCU
_dDLC
042 _apremarc
050 0 0 _aPK2184
_b.M6
100 1 _aMosavī, Rashīd.
245 1 0 _aMaz̲āḥiyah naẓmen̲ aur g̲h̲azlen̲.
260 _c[1962]
300 _a95 p.
_c19 cm.
500 _aIn Urdu.
500 _aPoems.
500 _aText partially vocalized.
650 0 _aUrdu poetry.
999 _c55715
_d55715